[Event "Ruhrgebiet Verbandsklasse Gruppe 2 1819"]
[Site "Nordrheinwestfalen"]
[Date "2019.01.20"]
[Round "5.6"]
[White "Borger, Alexander"]
[Black "Melmer, Felix"]
[Result "0-1"]
[WhiteElo "1886"]
[BlackElo "1851"]
[PlyCount "58"]
[EventDate "2018.09.23"]
[EventType "team-tourn"]
[EventRounds "9"]
[EventCountry "GER"]
[SourceTitle "EXT 2022"]
[Source "ChessBase"]
[SourceDate "2021.10.06"]
[SourceVersion "1"]
[SourceVersionDate "2021.10.06"]
[SourceQuality "1"]
[WhiteTeam "Steele/Kray Rochade"]
[BlackTeam "Gerthe Werne"]
[WhiteTeamCountry "GER"]
[BlackTeamCountry "GER"]

1. d4 d5 2. c4 c6 3. Nc3 Nf6 4. e3 e6 5. Nf3 Be7 6. Bd3 dxc4 7. Bxc4 b5 8. Bd3 Bb7 9. 0-0 Nbd7 10. a3 a5 11. e4 b4 12. Na4 Ba6 13. Bxa6 Rxa6 14. Qe2 Qa8 15. Re1 0-0 16. Bg5 h6 17. Bh4 Rc8 18. e5 Nd5 19. Bxe7 Nxe7 20. Nc5 Nxc5 21. dxc5 bxa3 22. bxa3 a4 23. Nd2 Ra5 24. Ne4 Rb8 25. Rec1 Rbb5 26. g4 Ng6 27. h3 Nxe5 28. f4 Nd7 29. Qe3 Qa7 0-1

[Event "Ruhrgebiet Verbandsliga Gruppe 2 1718"]
[Site "Germany"]
[Date "2018.01.14"]
[Round "5.6"]
[White "Melmer, Felix"]
[Black "Kleiner, Tom"]
[Result "1-0"]
[WhiteElo "1867"]
[BlackElo "1867"]
[PlyCount "79"]
[EventDate "2017.09.17"]
[EventType "team-tourn"]
[EventRounds "9"]
[EventCountry "GER"]
[SourceTitle "EXT 2022"]
[Source "ChessBase"]
[SourceDate "2021.10.06"]
[SourceVersion "1"]
[SourceVersionDate "2021.10.06"]
[SourceQuality "1"]
[WhiteTeam "Gerthe Werne"]
[BlackTeam "Recklinghausen Sued"]
[WhiteTeamCountry "GER"]
[BlackTeamCountry "GER"]

1. e4 c5 2. Nc3 Nc6 3. f4 g6 4. Nf3 Bg7 5. Be2 e6 6. 0-0 Nge7 7. d3 Rb8 8. a4 0-0 9. Qe1 Nd4 10. Bd1 Nec6 11. Ne2 b5 12. c3 Nxe2+ 13. Qxe2 b4 14. Qc2 Ba6 15. c4 Nd4 16. Qf2 d5 17. Be2 dxe4 18. dxe4 Qc7 19. e5 Rfd8 20. Be3 Nc2 21. Rad1 Nxe3 22. Qxe3 Qa5 23. b3 Bb7 24. Ng5 Qc7 25. Bf3 h6 26. Nh3 Bxf3 27. gxf3 g5 28. Rde1 Rd4 29. fxg5 hxg5 30. Qxg5 Qd8 31. Qg3 Qh4 32. Qg2 Rbd8 33. Kh1 Kf8 34. Ng5 Rd2 35. Qg1 R8d4 36. Re4 Qh5 37. Rxd4 cxd4 38. f4 Ke7 39. Nf3 Rd1 40. Nxd4 1-0

[Event "Ruhrgebiet Verbandsliga Gruppe 2 1718"]
[Site "Germany"]
[Date "2017.09.17"]
[Round "1.6"]
[White "Biermann, Lenhard"]
[Black "Melmer, Felix"]
[Result "1-0"]
[WhiteElo "1938"]
[BlackElo "1867"]
[PlyCount "47"]
[EventDate "2017.09.17"]
[EventType "team-tourn"]
[EventRounds "9"]
[EventCountry "GER"]
[SourceTitle "EXT 2022"]
[Source "ChessBase"]
[SourceDate "2021.10.06"]
[SourceVersion "1"]
[SourceVersionDate "2021.10.06"]
[SourceQuality "1"]
[WhiteTeam "Bochum SG III"]
[BlackTeam "Gerthe Werne"]
[WhiteTeamCountry "GER"]
[BlackTeamCountry "GER"]

1. d4 f5 2. g3 Nf6 3. Bg2 g6 4. Nh3 Bg7 5. Nf4 d6 6. Nc3 Na6 7. d5 0-0 8. h4 Ng4 9. h5 gxh5 10. f3 Ne5 11. Nxh5 Bh8 12. Bh6 Re8 13. Qd2 Nf7 14. g4 c6 15. gxf5 Bxf5 16. Bh3 Bg6 17. Nf4 e5 18. Nxg6 hxg6 19. 0-0-0 Bg7 20. Bxg7 Kxg7 21. Rhg1 Nc5 22. Bf5 Nh8 23. dxc6 bxc6 24. Qxd6 1-0

[Event "Ruhrgebiet Verbandsliga Gruppe 1 1617"]
[Site "Germany"]
[Date "2016.10.30"]
[Round "3.4"]
[White "Bals, Jochen"]
[Black "Melmer, Felix"]
[Result "1/2-1/2"]
[WhiteElo "1842"]
[BlackElo "1908"]
[PlyCount "96"]
[EventDate "2016.09.04"]
[EventType "team-tourn"]
[EventRounds "9"]
[EventCountry "GER"]
[SourceTitle "EXT 2022"]
[Source "ChessBase"]
[SourceDate "2021.10.06"]
[SourceVersion "1"]
[SourceVersionDate "2021.10.06"]
[SourceQuality "1"]
[WhiteTeam "Kamen SV II"]
[BlackTeam "Gerthe Werne"]
[WhiteTeamCountry "GER"]
[BlackTeamCountry "GER"]

1. e4 c5 2. Nf3 g6 3. d4 cxd4 4. Nxd4 Nc6 5. Be3 Bg7 6. Nc3 Nf6 7. Bc4 0-0 8. Bb3 d6 9. f3 Bd7 10. Qd2 Qa5 11. 0-0-0 Rfc8 12. Kb1 Ne5 13. h4 Nc4 14. Bxc4 Rxc4 15. Nd5 Qxd2 16. Rxd2 Nxd5 17. exd5 h5 18. c3 Be5 19. Ne2 Rac8 20. Bd4 Bxd4 21. Nxd4 b5 22. a3 a5 23. Re1 Kf8 24. Rde2 Re8 25. g3 b4 26. Nb3 bxc3 27. Nxa5 Rc5 28. Nc6 Bf5+ 29. Kc1 e5 30. Nb4 Rb8 31. bxc3 Rxc3+ 32. Kb2 Rxf3 33. Re3 Bg4 34. Rxf3 Bxf3 35. Kc3 Rb5 36. Re3 Bxd5 37. Rd3 Rc5+ 38. Kb2 Be6 39. Rxd6 e4 40. Nc6 e3 41. Rd8+ Kg7 42. Nd4 Bg4 43. Re8 Rc4 44. Nc2 e2 45. Kb3 Rc6 46. Re3 Rb6+ 47. Kc3 Rc6+ 48. Kb3 Rb6+ 1/2-1/2

[Event "Ruhrgebiet Verbandsliga Gruppe 1 1617"]
[Site "Germany"]
[Date "2016.09.25"]
[Round "2.4"]
[White "Melmer, Felix"]
[Black "Brockmann, Michael"]
[Result "0-1"]
[WhiteElo "1908"]
[BlackElo "1992"]
[PlyCount "80"]
[EventDate "2016.09.04"]
[EventType "team-tourn"]
[EventRounds "9"]
[EventCountry "GER"]
[SourceTitle "EXT 2022"]
[Source "ChessBase"]
[SourceDate "2021.10.06"]
[SourceVersion "1"]
[SourceVersionDate "2021.10.06"]
[SourceQuality "1"]
[WhiteTeam "Gerthe Werne"]
[BlackTeam "Eichlinghofen SV"]
[WhiteTeamCountry "GER"]
[BlackTeamCountry "GER"]

1. f4 d5 2. Nf3 g6 3. g3 c5 4. Bg2 Bg7 5. 0-0 Nc6 6. d3 d4 7. a4 Qc7 8. Na3 a6 9. Nc4 b6 10. e4 dxe3 11. Nxe3 e6 12. Ne5 Bb7 13. N3c4 Nge7 14. c3 Rd8 15. Qb3 Nc8 16. Rd1 0-0 17. Nf3 Rd7 18. Be3 Rfd8 19. Ne1 N6e7 20. Bxb7 Qxb7 21. a5 b5 22. Ne5 Rc7 23. Qa3 b4 24. Qa4 Nd5 25. Bd2 Nd6 26. c4 Nf6 27. N1f3 Nd7 28. Kf2 Nf5 29. g4 Nxe5 30. fxe5 Rxd3 31. Qe8+ Bf8 32. Ne1 Nd4 33. Bg5 Rf3+ 34. Kg2 Rf5+ 35. Kg3 Rxg5 36. Rxd4 cxd4 37. Nf3 Rc8 38. Qa4 Rxe5 39. Nxe5 Bd6 40. Re1 Bxe5+ 0-1

[Event "Ruhrgebiet Verbandsliga Gruppe 1 1617"]
[Site "Germany"]
[Date "2016.09.04"]
[Round "1.4"]
[White "Melmer, Felix"]
[Black "Marx, Henning"]
[Result "1-0"]
[WhiteElo "1908"]
[BlackElo "1996"]
[PlyCount "79"]
[EventDate "2016.09.04"]
[EventType "team-tourn"]
[EventRounds "9"]
[EventCountry "GER"]
[SourceTitle "EXT 2022"]
[Source "ChessBase"]
[SourceDate "2021.10.06"]
[SourceVersion "1"]
[SourceVersionDate "2021.10.06"]
[SourceQuality "1"]
[WhiteTeam "Gerthe Werne"]
[BlackTeam "Bochum-Linden"]
[WhiteTeamCountry "GER"]
[BlackTeamCountry "GER"]

1. f4 d5 2. Nf3 Nf6 3. e3 Bg4 4. Be2 e6 5. 0-0 Be7 6. d3 c5 7. h3 Bh5 8. Nbd2 Nc6 9. e4 Bg6 10. Ne5 Nd4 11. c3 Nxe2+ 12. Qxe2 Qc7 13. Ng4 Nxg4 14. Qxg4 f5 15. Qe2 0-0-0 16. e5 Bf7 17. Nb3 Rhg8 18. Qf2 h6 19. Be3 b6 20. a4 g5 21. a5 Qb7 22. axb6 axb6 23. d4 c4 24. Nd2 Kc7 25. b3 cxb3 26. Rab1 Ra8 27. Rxb3 Qc6 28. c4 gxf4 29. Bxf4 Ra2 30. cxd5 Qxd5 31. Rc1+ Kd7 32. Rbc3 Rd8 33. Bxh6 Ke8 34. Be3 Qa5 35. Qf3 Ra1 36. Qc6+ Kf8 37. Nb3 Rxc1+ 38. Bxc1 Qa7 39. Rg3 Bg8 40. Bh6+ 1-0

[Event "Herne op 5th"]
[Site "Herne"]
[Date "2016.05.27"]
[Round "4"]
[White "Melmer, Felix"]
[Black "Stricker, Florian"]
[Result "1-0"]
[WhiteElo "2001"]
[BlackElo "2119"]
[PlyCount "63"]
[EventDate "2016.05.25"]
[EventType "swiss"]
[EventRounds "7"]
[EventCountry "GER"]
[SourceTitle "CBM 172 Extra"]
[Source "ChessBase"]
[SourceDate "2016.06.21"]
[SourceVersion "1"]
[SourceVersionDate "2016.06.21"]
[SourceQuality "1"]

1. f4 d5 2. Nf3 b6 3. e3 Bb7 4. b3 Nf6 5. Bb2 g6 6. Be2 Bg7 7. 0-0 0-0 8. Qe1 c5 9. Qh4 e6 10. h3 Nc6 11. d3 d4 12. e4 Qc7 13. Bc1 Nb4 14. Na3 Bc8 15. Ne5 Rd8 16. g4 Nd7 17. Nf3 Bb7 18. f5 Bxe4 19. Ng5 exf5 20. Qxh7+ Kf8 21. dxe4 Nf6 22. Qh4 d3 23. cxd3 Nxg4 24. Bf4 Qd7 25. Rad1 Qd4+ 26. Kh1 Ne3 27. Nb5 Qb2 28. Bxe3 Qxe2 29. Qf2 Qh5 30. Qf3 Qxf3+ 31. Rxf3 Nxd3 32. Rxd3 1-0

[Event "Ruhrgebiet Regionalliga 1314"]
[Site "Ruhrgebiet"]
[Date "2013.10.20"]
[Round "2.4"]
[White "Kuipers, Dustin"]
[Black "Melmer, Felix"]
[Result "1/2-1/2"]
[WhiteElo "2021"]
[BlackElo "1924"]
[PlyCount "57"]
[EventDate "2013.09.22"]
[EventType "team-tourn"]
[EventRounds "9"]
[EventCountry "GER"]
[SourceTitle "EXT 2024"]
[Source "ChessBase"]
[SourceDate "2023.10.10"]
[SourceVersion "1"]
[SourceVersionDate "2023.10.10"]
[SourceQuality "1"]
[WhiteTeam "Muelheim Nord III"]
[BlackTeam "Gerthe Werne"]
[WhiteTeamCountry "GER"]
[BlackTeamCountry "GER"]

1. e4 c5 2. Nf3 Nc6 3. d4 cxd4 4. Nxd4 g6 5. Nc3 Bg7 6. Be3 Nf6 7. Bc4 0-0 8. h4 Qa5 9. Nb3 Qb4 10. Nd2 Qxb2 11. Na4 Qe5 12. f4 Qa5 13. Nc5 Ng4 14. Qxg4 Bxa1 15. Ncb3 Qxa2 16. h5 d5 17. Qh4 Bf6 18. Qh2 g5 19. Bxd5 Nb4 20. Qg3 Nxd5 21. exd5 Qxc2 22. fxg5 Bc3 23. 0-0 a5 24. Rc1 Qb2 25. g6 Bf5 26. gxh7+ Kxh7 27. Qg5 Bc2 28. Qh6+ Kg8 29. Qg5+ 1/2-1/2

[Event "Dortmund Sparkassen op-A"]
[Site "Dortmund"]
[Date "2013.07.28"]
[Round "2"]
[White "Biermann, Florian2222"]
[Black "Melmer, Felix"]
[Result "0-1"]
[WhiteElo "1807"]
[BlackElo "2024"]
[PlyCount "88"]
[EventDate "2013.07.27"]
[EventType "swiss"]
[EventRounds "9"]
[EventCountry "GER"]
[SourceTitle "CBM 155 Extra"]
[Source "ChessBase"]
[SourceDate "2013.08.26"]
[SourceVersion "1"]
[SourceVersionDate "2013.08.26"]
[SourceQuality "1"]

1. e4 c5 2. Nc3 Nc6 3. Bb5 g6 4. Bxc6 dxc6 5. d3 Bg7 6. Be3 b6 7. Qd2 e6 8. Nge2 Ba6 9. b3 h6 10. 0-0 Nf6 11. Rab1 Ng4 12. Bf4 h5 13. Nd1 e5 14. Bg5 f6 15. Be3 Nxe3 16. Nxe3 Bh6 17. Qc3 Rh7 18. Nc4 b5 19. Nb2 Qb6 20. Kh1 Bc8 21. h3 g5 22. Kh2 Be6 23. g3 0-0-0 24. a3 Bf8 25. f4 b4 26. axb4 cxb4 27. Qd2 h4 28. f5 hxg3+ 29. Nxg3 Bf7 30. Na4 Qd4 31. Ne2 Qxe4 32. Ng1 Qd5 33. Qf2 Qd4 34. Qg2 Bd5 35. Nf3 Qf4+ 36. Kg1 Qxf5 37. c4 bxc3 38. Nxc3 Bc5+ 39. d4 exd4 40. Nxd5 Rxd5 41. b4 Bb6 42. Rbc1 Kb7 43. Nh4 d3+ 44. Kh1 Qe6 0-1

[Event "Ruhrgebiet Verbandsliga2 1213"]
[Site "Nordrheinwestfalen"]
[Date "2012.09.02"]
[Round "1.3"]
[White "Schulz, Hartmut"]
[Black "Melmer, Felix"]
[Result "1/2-1/2"]
[WhiteElo "2052"]
[BlackElo "1981"]
[PlyCount "55"]
[EventDate "2012.09.02"]
[EventType "team-tourn"]
[EventRounds "9"]
[EventCountry "GER"]
[SourceTitle "EXT 2020"]
[Source "ChessBase"]
[SourceDate "2019.10.17"]
[SourceVersion "1"]
[SourceVersionDate "2019.10.17"]
[SourceQuality "1"]
[WhiteTeam "Doppelbauer Brambauer"]
[BlackTeam "Gerthe Werne"]
[WhiteTeamCountry "GER"]
[BlackTeamCountry "GER"]

1. d4 f5 2. Bg5 g6 3. e3 Bg7 4. Nf3 Nf6 5. Nbd2 d6 6. Bc4 Nbd7 7. c3 e5 8. dxe5 dxe5 9. e4 h6 10. Bxf6 Qxf6 11. Qe2 Nb6 12. Bb3 Bd7 13. a4 Bc6 14. 0-0 f4 15. Ne1 h5 16. Nd3 Nd7 17. Nb4 Nc5 18. Bc4 Bd7 19. a5 c6 20. Rfd1 Bf8 21. Nd3 g5 22. Nxc5 Bxc5 23. b4 Be7 24. Nb3 Rd8 25. Nc5 Bc8 26. Rxd8+ Bxd8 27. Rd1 b6 28. axb6 1/2-1/2

[Event "Ruhrgebiet Verbandsliga1 1112"]
[Site "Nordrheinwestfalen"]
[Date "2012.02.26"]
[Round "7.3"]
[White "Melmer, Felix"]
[Black "Prueske, Wolfgang"]
[Result "1/2-1/2"]
[WhiteElo "1907"]
[BlackElo "2012"]
[PlyCount "102"]
[EventDate "2012.09.18"]
[EventType "team-tourn"]
[EventRounds "9"]
[EventCountry "GER"]
[SourceTitle "EXT 2020"]
[Source "ChessBase"]
[SourceDate "2019.10.17"]
[SourceVersion "1"]
[SourceVersionDate "2019.10.17"]
[SourceQuality "1"]
[WhiteTeam "Gerthe Werne"]
[BlackTeam "Dortmund Hansa III"]
[WhiteTeamCountry "GER"]
[BlackTeamCountry "GER"]

1. f4 d5 2. Nf3 Nf6 3. g3 g6 4. Bg2 Bg7 5. 0-0 0-0 6. d3 c5 7. c3 Nc6 8. Na3 b6 9. Qa4 Bd7 10. Qc2 Rc8 11. e4 e6 12. e5 Ne8 13. Qe2 f6 14. Bd2 a6 15. Nc2 Qc7 16. Rfe1 fxe5 17. fxe5 b5 18. Rac1 a5 19. d4 cxd4 20. cxd4 Qb6 21. Be3 b4 22. Nd2 a4 23. Bf1 Nc7 24. Qg4 Ne7 25. Bd3 Nf5 26. Bxf5 Rxf5 27. Qh4 Na6 28. Rf1 Rxf1+ 29. Nxf1 Bb5 30. Qh3 Bd3 31. Qg2 b3 32. axb3 axb3 33. Ne1 Rxc1 34. Bxc1 Qxd4+ 35. Be3 Bxf1 36. Bxd4 Bxg2 37. Kxg2 Nb4 38. Nf3 Bh6 39. Kf1 Nc2 40. Bc3 Kf7 41. Ke2 Ke7 42. Kd3 Bc1 43. Nd4 Nxd4 44. Bxd4 Kd7 45. Kc3 Kc6 46. Kxb3 Kb5 47. Kc3 Bh6 48. h3 Bf8 49. Be3 Bb4+ 50. Kb3 Ba5 51. g4 Be1 1/2-1/2

[Event "Ruhrgebiet VK1 0708"]
[Site "Germany"]
[Date "2007.12.09"]
[Round "4.5"]
[White "Ebert, Manfred"]
[Black "Melmer, Felix"]
[Result "0-1"]
[WhiteElo "2086"]
[BlackElo "1865"]
[PlyCount "58"]
[EventDate "2007.09.16"]
[EventType "team"]
[EventRounds "9"]
[EventCountry "GER"]
[SourceTitle "EXT 2009"]
[Source "ChessBase"]
[SourceDate "2008.11.26"]
[SourceVersion "1"]
[SourceVersionDate "2008.11.26"]
[SourceQuality "1"]
[WhiteTeam "Altstadt RE"]
[BlackTeam "Gerthe"]
[WhiteTeamCountry "GER"]
[BlackTeamCountry "GER"]

1. c4 e5 2. Nc3 Nc6 3. g3 d6 4. Bg2 Be6 5. b3 Qd7 6. e3 Nf6 7. e4 Nb4 8. d3 Be7 9. h3 h5 10. Be3 c5 11. f4 g6 12. Nf3 Nc6 13. Qd2 Nh7 14. Nd5 f6 15. a3 Nd4 16. Bxd4 cxd4 17. Nh4 Nf8 18. Qf2 Bxd5 19. exd5 f5 20. Nf3 Qc7 21. Qe2 Nd7 22. Kf2 0-0-0 23. b4 Rde8 24. fxe5 dxe5 25. Rhe1 Bf6 26. Kg1 e4 27. dxe4 fxe4 28. Nh4 Qxg3 29. Qf2 Qxf2+ 0-1

[Event "Ruhrgebiet VK1 0708"]
[Site "Germany"]
[Date "2007.11.18"]
[Round "3.6"]
[White "Schweiger, Udo"]
[Black "Melmer, Felix"]
[Result "0-1"]
[WhiteElo "1865"]
[BlackElo "1865"]
[PlyCount "52"]
[EventDate "2007.09.16"]
[EventType "team"]
[EventRounds "9"]
[EventCountry "GER"]
[SourceTitle "EXT 2009"]
[Source "ChessBase"]
[SourceDate "2008.11.26"]
[SourceVersion "1"]
[SourceVersionDate "2008.11.26"]
[SourceQuality "1"]
[WhiteTeam "Ickern"]
[BlackTeam "Gerthe"]
[WhiteTeamCountry "GER"]
[BlackTeamCountry "GER"]

1. e4 c5 2. Nf3 Nf6 3. d3 Nc6 4. Bg5 e5 5. Nc3 Be7 6. Be2 a6 7. a4 0-0 8. 0-0 Rb8 9. Qd2 b5 10. axb5 axb5 11. Bxf6 Bxf6 12. Nd5 d6 13. c3 Be6 14. Nxf6+ Qxf6 15. Ra6 Rfc8 16. Rfa1 h6 17. Qc2 Qd8 18. b3 d5 19. exd5 Bxd5 20. Nd2 Ne7 21. Bf3 Ra8 22. Bxd5 Nxd5 23. Ne4 b4 24. g3 bxc3 25. Kg2 Rxa6 26. Rxa6 Nb4 0-1

[Event "Bochum op"]
[Site "Bochum"]
[Date "2006.09.05"]
[Round "4.4"]
[White "Jedner, Volker"]
[Black "Melmer, Felix"]
[Result "1/2-1/2"]
[WhiteElo "1801"]
[BlackElo "1883"]
[PlyCount "50"]
[EventDate "2006.08.15"]
[EventType "swiss"]
[EventRounds "7"]
[EventCountry "GER"]
[SourceTitle "EXT 2007"]
[Source "ChessBase"]
[SourceDate "2006.11.23"]
[SourceVersion "1"]
[SourceVersionDate "2006.11.23"]
[SourceQuality "1"]

1. d4 f5 2. Nc3 d5 3. Bf4 Nf6 4. e3 e6 5. Bd3 a6 6. Nf3 c5 7. Ne5 Nc6 8. Be2 Qa5 9. 0-0 Nd7 10. a3 cxd4 11. exd4 Be7 12. Qd3 g5 13. b4 Qb6 14. Na4 Qxd4 15. Qxd4 Nxd4 16. Bh5+ Kf8 17. Nxd7+ Bxd7 18. Be5 Bxa4 19. Bxh8 Nc6 20. Rfe1 Bxc2 21. Rxe6 d4 22. Rxc6 bxc6 23. Bxd4 a5 24. bxa5 Rxa5 25. Bf3 Rxa3 1/2-1/2

[Event "Bochum op"]
[Site "Bochum"]
[Date "2006.08.29"]
[Round "3.2"]
[White "Melmer, Felix"]
[Black "Bartel, Mario"]
[Result "0-1"]
[WhiteElo "1883"]
[BlackElo "2066"]
[PlyCount "70"]
[EventDate "2006.08.15"]
[EventType "swiss"]
[EventRounds "7"]
[EventCountry "GER"]
[SourceTitle "EXT 2007"]
[Source "ChessBase"]
[SourceDate "2006.11.23"]
[SourceVersion "1"]
[SourceVersionDate "2006.11.23"]
[SourceQuality "1"]

1. f4 d5 2. Nf3 Nf6 3. e3 g6 4. b4 Bg7 5. Bb2 0-0 6. a4 Nbd7 7. d4 Ne4 8. Nbd2 Ndf6 9. Ne5 Nxd2 10. Qxd2 Ne4 11. Qc1 f6 12. Nd3 Bf5 13. Be2 Nd6 14. Nf2 e5 15. 0-0 exf4 16. exf4 Re8 17. Bf3 c6 18. g4 Be4 19. Nxe4 Nxe4 20. c4 f5 21. c5 fxg4 22. Bxg4 Qh4 23. Bf3 Re7 24. Ra3 Rae8 25. Bg2 Nf6 26. Rh3 Qg4 27. Rhf3 Nh5 28. Kh1 Re2 29. Bh3 Qxf3+ 30. Rxf3 Re1+ 31. Qxe1 Rxe1+ 32. Kg2 Re2+ 33. Rf2 Nxf4+ 34. Kg3 Rxf2 35. Be6+ Nxe6 0-1

[Event "Dortmund4"]
[Site "Dortmund"]
[Date "2006.05.31"]
[Round "10"]
[White "Melmer, Felix"]
[Black "Grube, Joerg"]
[Result "0-1"]
[WhiteElo "1840"]
[BlackElo "1776"]
[PlyCount "108"]
[EventDate "2006.04.26"]
[EventType "tourn"]
[EventRounds "11"]
[EventCountry "GER"]
[SourceTitle "EXT 2007"]
[Source "ChessBase"]
[SourceDate "2006.11.23"]
[SourceVersion "1"]
[SourceVersionDate "2006.11.23"]
[SourceQuality "1"]

1. f4 Nf6 2. Nf3 g6 3. Nc3 Bg7 4. e4 d6 5. d4 0-0 6. Be3 c5 7. dxc5 Qa5 8. Nd2 Ng4 9. Nb3 Qb4 10. Bd4 Bxd4 11. Qxd4 Qxd4 12. Nxd4 dxc5 13. Nb3 Ne3 14. Rc1 b6 15. Kf2 Nxf1 16. Rhxf1 Nc6 17. Rfd1 Bg4 18. Rd2 Rad8 19. Nd5 Kg7 20. h3 Bc8 21. Rcd1 Bb7 22. Nc1 h5 23. Ne2 Na5 24. b3 Nc6 25. Nec3 Rd7 26. Ne3 Rxd2+ 27. Rxd2 Rd8 28. Rxd8 Nxd8 29. Ned5 Nc6 30. a4 Nd4 31. Ne3 a6 32. g3 b5 33. axb5 axb5 34. e5 Bc6 35. Ke1 h4 36. Kf2 hxg3+ 37. Kxg3 Kh6 38. Ncd1 Be4 39. c4 b4 40. Nf2 Bb1 41. Nd5 Nxb3 42. Nxe7 Nd2 43. Ng4+ Kg7 44. Ne3 b3 45. N7d5 Bd3 46. Nc3 Nxc4 47. Nxc4 Bxc4 48. Nd1 Be2 49. Nc3 b2 50. Kf2 Bd3 51. Ke3 b1Q 52. Nxb1 Bxb1 53. Kd2 Be4 54. Ke3 Bd5 0-1

[Event "Dortmund4"]
[Site "Dortmund"]
[Date "2006.05.17"]
[Round "6"]
[White "Melmer, Felix"]
[Black "Sonntag, Joachim"]
[Result "1/2-1/2"]
[WhiteElo "1840"]
[BlackElo "1787"]
[PlyCount "49"]
[EventDate "2006.04.26"]
[EventType "tourn"]
[EventRounds "11"]
[EventCountry "GER"]
[SourceTitle "EXT 2007"]
[Source "ChessBase"]
[SourceDate "2006.11.23"]
[SourceVersion "1"]
[SourceVersionDate "2006.11.23"]
[SourceQuality "1"]

1. f4 Nf6 2. Nf3 Nc6 3. Nc3 d5 4. e3 a6 5. d4 Bf5 6. Bd3 Be4 7. 0-0 e6 8. Ne5 Bb4 9. Ne2 h5 10. a3 Bd6 11. b4 Ne7 12. c4 c6 13. c5 Bc7 14. Nc3 Bxd3 15. Nxd3 Nf5 16. Qe2 Ng4 17. g3 f6 18. Kg2 g6 19. a4 Qe7 20. Rb1 e5 21. dxe5 fxe5 22. e4 Nd4 23. Qe1 Nc2 24. Qe2 Nd4 25. Qe1 1/2-1/2